Human security and mutual vulnerability (Record no. 237632)
[ view plain ]
| 000 -LEADER | |
|---|---|
| fixed length control field | 01349nam a2200337Ia 4500 |
| 082 04 - DEWEY DECIMAL CLASSIFICATION NUMBER | |
| Classification number | 327.1 |
| 100 1# - MAIN ENTRY--AUTHOR NAME | |
| Personal name | Nef, Jorge. |
| 245 10 - TITLE STATEMENT | |
| Title | Human security and mutual vulnerability |
| 250 ## - EDITION STATEMENT | |
| Edition statement | 2nd ed. |
| 260 ## - PUBLICATION, DISTRIBUTION, ETC. (IMPRINT) | |
| Place of publication | Ottawa : |
| Name of publisher | International Development Research Centre, |
| Year of publication | c1999. |
| 300 ## - PHYSICAL DESCRIPTION | |
| Number of Pages | vii, 123 p. |
| 650 #0 - SUBJECT ADDED ENTRY--TOPICAL TERM | |
| Topical Term | International relations. |
| Topical Term | International economic relations. |
| Topical Term | Security, International. |
| 856 40 - ELECTRONIC LOCATION AND ACCESS | |
| Uniform Resource Identifier | http://site.ebrary.com/lib/rucke/Doc?id=10176423 |
No items available.
